000 00515nam a2200157 4500
001 143928
003 ES-MaACL
007 t|
008 070214s1973 sp r ||||1| spa d
100 1 _aSherman, Philip M.
_9106103
245 1 0 _aTécnicas de programación de computadores /
_cPhilip M. Sherman ; traducción y adaptación de Ernesto Bollo.
260 _aMadrid :
_bPrentice Hall,
_c1973.
300 _aXVII, 363 p. :
_bil. ;
_c24 cm.
700 1 _aBollo, Ernesto.
_929993
852 _aES-MaACL
_jE-7514
_bR.91591
999 _c143928
_d143928